| 000 | 00417nam a2200157Ia 4500 | ||
|---|---|---|---|
| 008 | 240729s9999 xx 000 0 und d | ||
| 022 | _a2002-4436 | ||
| 245 | 0 | _aWikiJournal of Medicine | |
| 260 | _aUnited States | ||
| 260 | _bWikiJournal User Group | ||
| 650 | _a Medicine (General) | ||
| 650 | _aMedicine | ||
| 856 | _uhttps://doaj.org/toc/550c5fb1aee34aa38cf2012f00eb7051 | ||
| 942 | _2ddc | ||
| 942 | _cDOAJEJ | ||
| 999 |
_c66545 _d66545 |
||
| 945 |
_a1 _bMadushi Gamage _c1 _dMadushi Gamage |
||